Statistics for Percy Jackson Books

Click here to take the quiz!

General Stats

  • This quiz has been taken 116 times
  • The average score is 8 of 10

Answer Stats

Hint Answer % Correct
The Lightning Thief
96%
The Sea of Monsters
85%
The Mark of Athena
83%
The Titans Curse
82%
The Last Olympian
81%
The Son of Neptune
80%
The Lost Hero
78%
The House of Hades
77%
The Battle of the Labyrinth
75%
The Blood of Olympus
71%

Score Distribution

Percentile by Number Answered

Percent of People with Each Score

Your Score History

You have not taken this quiz